|
|
|
|
| LEADER |
00948nab#a2200361#ar4500 |
| 001 |
000092113 |
| 003 |
SVKKK |
| 005 |
20081021135607.0 |
| 008 |
081001c2007 xo |||||||||||||||b|slo |
| FMT |
|
|
|
| 015 |
|
|
|a SNBRB2008/10
|
| 038 |
|
|
|a SVKKK
|
| 040 |
|
|
|a SVKKK
|b slo
|e AACR2
|
| 041 |
0 |
|
|a slo
|
| 044 |
|
|
|a xo
|c SK
|
| 080 |
|
|
|a 502.3
|x (051)
|x "1944"
|2 1997
|
| 100 |
1 |
|
|a Kollár, Daniel
|4 aut
|
| 245 |
1 |
0 |
|a Čo písali Krásy Slovenska v roku 1944
|c Daniel Kollár ; Ivan Bohuš ml.
|
| 630 |
0 |
4 |
|a Krásy Slovenska (časopis)
|y r. 1944
|x dejiny
|
| 651 |
|
4 |
|a Šariš (Slovensko)
|y r. 1944
|x dejiny
|
| 651 |
|
4 |
|a Zemplín (Slovensko)
|y r. 1944
|x dejiny
|
| 700 |
1 |
|
|a Bohuš, Ivan
|c ml.
|4 pht
|
| 773 |
0 |
|
|t Krásy Slovenska
|g Roč. 84, č. 7-8 (2007), s. 50-51
|x 0323-0643
|
| 957 |
|
|
|a Šariš
|
| 957 |
|
|
|a Zemlín
|
| 974 |
|
|
|a MI
|
| 992 |
|
|
|a RBX
|
| BAS |
|
|
|
| BAS |
|
|
|
| 852 |
|
|
|a SVKKK
|b BIB
|
| EXP |
|
|
|
| 998 |
|
|
|a SLO
|
| 998 |
|
|
|a SLO
|